[Event "Santa Cruz de Tenerife op 9th"]
[Site "Santa Cruz de Tenerife"]
[Date "2023.07.28"]
[Round "6"]
[White "Martin Lucilla, Antonio Nicolas"]
[Black "Gonzalez Estevez, Alejandro"]
[Result "0-1"]
[WhiteElo "1505"]
[BlackElo "1649"]
[PlyCount "84"]
[EventDate "2023.07.17"]
[EventType "swiss"]
[EventRounds "9"]
[EventCountry "ESP"]
[SourceTitle "CBM 215 Extra"]
[Source "ChessBase"]
[SourceDate "2023.09.30"]
[SourceVersion "1"]
[SourceVersionDate "2023.09.30"]
[SourceQuality "1"]

1. c4 Nf6 2. d4 g6 3. g3 Bg7 4. Bg2 0-0 5. e4 d6 6. Nf3 Nxe4 7. 0-0 c5 8. Re1 Nf6 9. dxc5 dxc5 10. Qxd8 Rxd8 11. Rxe7 Nc6 12. Re1 Be6 13. Na3 Rd7 14. Be3 Ne4 15. Bc1 Nd6 16. Nd2 Na5 17. Bd5 Bxd5 18. cxd5 Nf5 19. Ndc4 Nxc4 20. Nxc4 Rxd5 21. g4 Nd4 22. Ne3 Nf3+ 23. Kf1 Nxe1 24. Nxd5 Nd3 25. Ke2 c4 26. Rb1 Re8+ 27. Ne3 a6 28. b3 cxb3 29. axb3 Nxc1+ 30. Rxc1 Bd4 31. Kd3 Bxe3 32. fxe3 Re7 33. Rc2 Kg7 34. Kd4 Kf6 35. h4 Ke6 36. e4 Rd7+ 37. Ke3 Rd6 38. Kf4 Rd3 39. Rb2 Rh3 40. Kg5 f6+ 41. Kf4 Rxh4 42. b4 Rh3 0-1

[Event "Vecindario Montalvo Memorial 15th"]
[Site "Vecindario"]
[Date "2023.04.06"]
[Round "6"]
[White "Bumbak, Jacob"]
[Black "Gonzalez Estevez, Alejandro"]
[Result "0-1"]
[WhiteElo "1451"]
[BlackElo "1633"]
[PlyCount "46"]
[EventDate "2023.04.02"]
[EventType "swiss"]
[EventRounds "9"]
[EventCountry "ESP"]
[SourceTitle "CBM 213 Extra"]
[Source "ChessBase"]
[SourceDate "2023.05.31"]
[SourceVersion "1"]
[SourceVersionDate "2023.05.31"]
[SourceQuality "1"]

1. e4 e6 2. d4 d5 3. e5 c5 4. c3 Nc6 5. Nf3 Qb6 6. Bd3 Bd7 7. dxc5 Bxc5 8. 0-0 f6 9. b4 Be7 10. b5 Nd8 11. Nd4 fxe5 12. Qh5+ Nf7 13. Nb3 Nf6 14. Qe2 e4 15. Bc2 Bxb5 16. Qe1 Bxf1 17. Be3 Qc7 18. Qxf1 0-0 19. Nd4 Ng4 20. g3 Nxe3 21. fxe3 Ng5 22. Qg2 e5 23. Ne2 Qc5 0-1

[Event "Vecindario Montalvo Memorial 15th"]
[Site "Vecindario"]
[Date "2023.04.05"]
[Round "5"]
[White "Rodriguez Amador, Alvaro"]
[Black "Gonzalez Estevez, Alejandro"]
[Result "0-1"]
[WhiteElo "1176"]
[BlackElo "1633"]
[PlyCount "38"]
[EventDate "2023.04.02"]
[EventType "swiss"]
[EventRounds "9"]
[EventCountry "ESP"]
[SourceTitle "CBM 213 Extra"]
[Source "ChessBase"]
[SourceDate "2023.05.31"]
[SourceVersion "1"]
[SourceVersionDate "2023.05.31"]
[SourceQuality "1"]

1. d4 d5 2. Nf3 c5 3. e3 Nf6 4. c3 Nc6 5. Bd3 Bg4 6. Nbd2 e6 7. Qe2 Bd6 8. e4 cxd4 9. cxd4 Nxd4 10. Qe3 Nxf3+ 11. gxf3 dxe4 12. fxe4 Qc7 13. Nc4 Be7 14. Bd2 0-0 15. f3 Bh5 16. 0-0-0 b5 17. e5 Nd5 18. Qe4 Bg6 19. Qe2 Bxd3 0-1

[Event "Tenerife-ch Seniors/Women"]
[Site "Santa Cruz de Tenerife"]
[Date "2023.03.27"]
[Round "7.9"]
[White "Ramirez Alvarez, Roberto"]
[Black "Gonzalez Estevez, Alejandro"]
[Result "1-0"]
[WhiteElo "1945"]
[BlackElo "1602"]
[PlyCount "99"]
[EventDate "2023.03.13"]
[EventType "swiss"]
[EventRounds "9"]
[EventCountry "ESP"]
[SourceTitle "EXT 2024"]
[Source "ChessBase"]
[SourceDate "2023.10.10"]
[SourceVersion "1"]
[SourceVersionDate "2023.10.10"]
[SourceQuality "1"]

1. Nf3 Nf6 2. c4 g6 3. Nc3 Bg7 4. e4 d6 5. d4 0-0 6. Be2 e5 7. 0-0 Nc6 8. d5 Ne7 9. Nd2 Ne8 10. b4 h6 11. c5 f5 12. f3 f4 13. a4 g5 14. Nc4 Ng6 15. Ba3 Rf7 16. b5 Bf8 17. cxd6 cxd6 18. b6 a6 19. Rb1 h5 20. h3 Nf6 21. Rb3 Rg7 22. Na5 Rb8 23. Qe1 g4 24. fxg4 hxg4 25. Bxg4 Bxg4 26. hxg4 Nxg4 27. Nd1 Rh7 28. Rff3 Be7 29. Nc4 Rc8 30. Qe2 Qd7 31. Rh3 Rg7 32. Rbc3 Nf6 33. Kh1 Qxa4 34. Bxd6 Bxd6 35. Nxd6 Rxc3 36. Nxc3 Qa1+ 37. Nd1 Qd4 38. Nf5 Qxb6 39. Nxg7 Kxg7 40. Rc3 Qb4 41. Rc7+ Kh6 42. Nf2 Nh5 43. Qf3 Qe1+ 44. Kh2 Nh4 45. Ng4+ Kg5 46. Nxe5 Nxf3+ 47. Nxf3+ Kg4 48. Nxe1 Nf6 49. d6 b5 50. d7 1-0

[Event "Tenerife-chT Primera"]
[Site "Tenerife"]
[Date "2023.03.25"]
[Round "9.2"]
[White "Gonzalez Estevez, Alejandro"]
[Black "Montoro Salvatierra, Pedro"]
[Result "1-0"]
[WhiteElo "1636"]
[BlackElo "1621"]
[PlyCount "61"]
[EventDate "2023.01.14"]
[EventType "team-tourn"]
[EventRounds "14"]
[EventCountry "ESP"]
[SourceTitle "EXT 2024"]
[Source "ChessBase"]
[SourceDate "2023.10.10"]
[SourceVersion "1"]
[SourceVersionDate "2023.10.10"]
[SourceQuality "1"]
[WhiteTeam "Circulo de Amistad XII Enero II"]
[BlackTeam "Caissa Enroque II"]
[WhiteTeamCountry "ESP"]
[BlackTeamCountry "ESP"]

1. e4 e5 2. Nf3 Nc6 3. Bc4 Bc5 4. c3 Nf6 5. d3 d6 6. 0-0 Bg4 7. Nbd2 0-0 8. Bb3 Qd7 9. Re1 Rad8 10. a4 a5 11. Nf1 Ne7 12. Bg5 Ne8 13. h3 Be6 14. d4 exd4 15. cxd4 Bxb3 16. Qxb3 Bb4 17. Red1 Rc8 18. e5 Ng6 19. Ne3 h6 20. Bh4 Nxh4 21. Nxh4 c6 22. Ng6 d5 23. Nxf8 Kxf8 24. Qd3 Nc7 25. Qh7 Ke8 26. Nf5 Ne6 27. Nxg7+ Kd8 28. Qxh6 Nxg7 29. Qxg7 Kc7 30. Rd3 Rf8 31. Rad1 1-0

[Event "Tenerife-ch Seniors/Women"]
[Site "Santa Cruz de Tenerife"]
[Date "2023.03.24"]
[Round "6.8"]
[White "Gonzalez Estevez, Alejandro"]
[Black "Baskewitsch, Pierre"]
[Result "1/2-1/2"]
[WhiteElo "1602"]
[BlackElo "1914"]
[PlyCount "65"]
[EventDate "2023.03.13"]
[EventType "swiss"]
[EventRounds "9"]
[EventCountry "ESP"]
[SourceTitle "EXT 2024"]
[Source "ChessBase"]
[SourceDate "2023.10.10"]
[SourceVersion "1"]
[SourceVersionDate "2023.10.10"]
[SourceQuality "1"]

1. e4 Nf6 2. e5 Nd5 3. d4 d6 4. Nf3 Bg4 5. h3 Bh5 6. exd6 exd6 7. c4 Nb6 8. Nc3 Be7 9. Be3 0-0 10. b3 Nc6 11. Be2 f5 12. Qd2 Bf6 13. 0-0 h6 14. Rad1 g5 15. d5 Bxf3 16. Bxf3 Ne5 17. Bh5 f4 18. Bd4 Nbd7 19. Ne4 Bg7 20. Qc3 f3 21. g3 Nf6 22. Bxf3 Nxd5 23. Nf6+ Nxf6 24. Bxe5 Qe7 25. Bd4 c5 26. Bxf6 Bxf6 27. Qd3 Be5 28. Qg6+ Qg7 29. Qxg7+ Bxg7 30. Bxb7 Rae8 31. Kg2 Bd4 32. Bf3 Re7 33. Rde1 1/2-1/2

[Event "Tenerife-chT Primera"]
[Site "Tenerife"]
[Date "2023.03.11"]
[Round "7.2"]
[White "Svensson del Pino, German"]
[Black "Gonzalez Estevez, Alejandro"]
[Result "1/2-1/2"]
[WhiteElo "1842"]
[BlackElo "1636"]
[PlyCount "82"]
[EventDate "2023.01.14"]
[EventType "team-tourn"]
[EventRounds "14"]
[EventCountry "ESP"]
[SourceTitle "EXT 2024"]
[Source "ChessBase"]
[SourceDate "2023.10.10"]
[SourceVersion "1"]
[SourceVersionDate "2023.10.10"]
[SourceQuality "1"]
[WhiteTeam "Al Shah Mat Los Realejos II"]
[BlackTeam "Circulo de Amistad XII Enero II"]
[WhiteTeamCountry "ESP"]
[BlackTeamCountry "ESP"]

1. e4 c6 2. d4 d5 3. Nc3 dxe4 4. Nxe4 Nd7 5. Nf3 Ngf6 6. Nxf6+ Nxf6 7. Bc4 Bg4 8. Bxf7+ Kxf7 9. Ne5+ Kg8 10. Nxg4 Qa5+ 11. c3 Qa6 12. Nxf6+ gxf6 13. Qg4+ Kf7 14. Qh5+ Kg8 15. h4 Bg7 16. Bh6 Bxh6 17. Qxh6 Kf7 18. Qh5+ Kg7 19. Rh3 Rag8 20. Qc5 Kf7 21. Re3 Re8 22. Qh5+ Kf8 23. 0-0-0 Qxa2 24. Qh6+ Kf7 25. Rde1 Qa1+ 26. Kc2 Qa4+ 27. Kb1 Qb5 28. g4 a5 29. g5 Qf5+ 30. Kc1 Qg6 31. Qxg6+ hxg6 32. Re4 Rh5 33. gxf6 Kxf6 34. Rg4 Reh8 35. Ree4 Rf5 36. Rgf4 Rhh5 37. Kd2 Rxf4 38. Rxf4+ Rf5 39. Ke3 e6 40. Rg4 Rb5 41. Rf4+ Rf5 1/2-1/2

[Event "Tenerife-chT Primera"]
[Site "Tenerife"]
[Date "2023.01.28"]
[Round "3.4"]
[White "Gonzalez Estevez, Alejandro"]
[Black "Garcia Mendoza, Itzael"]
[Result "0-1"]
[WhiteElo "1636"]
[BlackElo "1459"]
[PlyCount "42"]
[EventDate "2023.01.14"]
[EventType "team-tourn"]
[EventRounds "14"]
[EventCountry "ESP"]
[SourceTitle "EXT 2024"]
[Source "ChessBase"]
[SourceDate "2023.10.10"]
[SourceVersion "1"]
[SourceVersionDate "2023.10.10"]
[SourceQuality "1"]
[WhiteTeam "Circulo de Amistad XII Enero II"]
[BlackTeam "Ebano Barrio Nuevo II"]
[WhiteTeamCountry "ESP"]
[BlackTeamCountry "ESP"]

1. e4 e5 2. Nf3 Nc6 3. Bc4 Nf6 4. d3 Bc5 5. c3 0-0 6. Nbd2 d5 7. exd5 Nxd5 8. 0-0 Bg4 9. Re1 f6 10. h3 Bh5 11. Ne4 Bb6 12. Ng3 Bf7 13. Bb3 Qd7 14. Ba4 Rfe8 15. a3 Rad8 16. c4 Nf4 17. b4 Bxf2+ 18. Kxf2 Nxd3+ 19. Kg1 Nxe1 20. Qxe1 e4 21. Nd2 Qd4+ 0-1

[Event "Tenerife-chT Primera"]
[Site "Tenerife"]
[Date "2023.01.21"]
[Round "2.3"]
[White "Gonzalez Estevez, Alejandro"]
[Black "Cordero Alamo, Ramon"]
[Result "1-0"]
[WhiteElo "1636"]
[BlackElo "1418"]
[PlyCount "63"]
[EventDate "2023.01.14"]
[EventType "team-tourn"]
[EventRounds "14"]
[EventCountry "ESP"]
[SourceTitle "EXT 2024"]
[Source "ChessBase"]
[SourceDate "2023.10.10"]
[SourceVersion "1"]
[SourceVersionDate "2023.10.10"]
[SourceQuality "1"]
[WhiteTeam "Circulo de Amistad XII Enero II"]
[BlackTeam "Caissa Enroque II"]
[WhiteTeamCountry "ESP"]
[BlackTeamCountry "ESP"]

1. e4 c6 2. d4 d5 3. Nc3 dxe4 4. Nxe4 Nd7 5. Nf3 Ngf6 6. Nxf6+ Nxf6 7. Bd3 Bg4 8. c3 e6 9. h3 Bxf3 10. Qxf3 Be7 11. 0-0 0-0 12. Re1 Qd7 13. Bf4 Bd6 14. Be5 Bxe5 15. dxe5 Nd5 16. Rad1 Qc7 17. Qh5 g6 18. Qh6 Ne7 19. h4 Nf5 20. Bxf5 exf5 21. h5 Rad8 22. hxg6 fxg6 23. e6 Rxd1 24. Rxd1 Rd8 25. Re1 Qe7 26. Qe3 b6 27. Qf3 Rd6 28. Qe3 c5 29. Qe5 Rd2 30. c4 Rd6 31. Qxd6 Qxd6 32. e7 1-0

[Event "Tenerife-chT Segunda"]
[Site "Tenerife"]
[Date "2023.01.14"]
[Round "1.1"]
[White "Gonzalez Estevez, Alejandro"]
[Black "Casas Medina, Cristina"]
[Result "1/2-1/2"]
[WhiteElo "1602"]
[BlackElo "1556"]
[PlyCount "137"]
[EventDate "2023.01.14"]
[EventType "team-tourn"]
[EventRounds "14"]
[EventCountry "ESP"]
[SourceTitle "EXT 2024"]
[Source "ChessBase"]
[SourceDate "2023.10.10"]
[SourceVersion "1"]
[SourceVersionDate "2023.10.10"]
[SourceQuality "1"]
[WhiteTeam "Circulo de Amistad XII Enero III"]
[BlackTeam "Chinaco Buenavista"]
[WhiteTeamCountry "ESP"]
[BlackTeamCountry "ESP"]

1. d4 d5 2. c4 e6 3. Nf3 c5 4. g3 Nc6 5. Bg2 Nf6 6. 0-0 dxc4 7. e3 cxd4 8. Nxd4 Nxd4 9. exd4 Nd5 10. Nc3 Be7 11. Qa4+ Bd7 12. Qxc4 Nxc3 13. Qxc3 Rc8 14. Qb3 Bc6 15. Bxc6+ bxc6 16. Rd1 0-0 17. Bf4 Bd6 18. Be5 Re8 19. Rac1 f6 20. Bxd6 Qxd6 21. Rc5 Kh8 22. Qa4 e5 23. Qxa7 exd4 24. Rc4 c5 25. Rdc1 Rc7 26. Rxd4 Qxd4 27. Qxc7 Qxb2 28. Qxc5 Qxa2 29. Qf5 Qf7 30. Rc6 Rf8 31. h4 g6 32. Qc5 Qe8 33. Re6 Qf7 34. Re7 Qg8 35. Qc6 Rf7 36. Qd7 Rxe7 37. Qxe7 Qg7 38. Qd8+ Qg8 39. Qxf6+ Qg7 40. Qd8+ Qg8 41. Qd4+ Qg7 42. Qe4 h5 43. Kg2 Qf7 44. g4 hxg4 45. Qxg4 Qd5+ 46. Kg3 Qd3+ 47. f3 Qd6+ 48. Qf4 Qb6 49. Kg4 Kg7 50. Qe5+ Kf7 51. Kg5 Qd8+ 52. Kg4 Qd7+ 53. Kf4 Qa4+ 54. Kg5 Qc6 55. f4 Qb6 56. Kh6 Qf6 57. Qd5+ Ke7 58. Qe4+ Kf7 59. Qc4+ Ke7 60. Qc7+ Kf8 61. Qb8+ Kf7 62. Qc7+ Kf8 63. Qc8+ Ke7 64. Qc5+ Kf7 65. Qd5+ Ke7 66. Qe5+ Kf7 67. Qxf6+ Kxf6 68. Kh7 Kf7 69. Kh6 1/2-1/2

[Event "Santa Cruz Christmas op 32nd"]
[Site "Santa Cruz"]
[Date "2022.12.28"]
[Round "8"]
[White "Rodriguez Garcia, Joel I"]
[Black "Gonzalez Estevez, Alejandro"]
[Result "0-1"]
[WhiteElo "1324"]
[BlackElo "1636"]
[PlyCount "138"]
[EventDate "2022.12.15"]
[EventType "swiss"]
[EventRounds "9"]
[EventCountry "ESP"]
[SourceTitle "EXT 2024"]
[Source "ChessBase"]
[SourceDate "2023.10.10"]
[SourceVersion "1"]
[SourceVersionDate "2023.10.10"]
[SourceQuality "1"]

1. e4 c6 2. d4 d5 3. Nc3 dxe4 4. Nxe4 Nd7 5. Nf3 Ngf6 6. Nxf6+ Nxf6 7. Bd3 Bg4 8. c3 e6 9. Bg5 Be7 10. Qe2 0-0 11. h3 Bf5 12. Bxf5 exf5 13. 0-0 Re8 14. Qc2 Ne4 15. Bxe7 Qxe7 16. Rae1 Qc7 17. Re3 Re7 18. Rfe1 Rae8 19. Nd2 Nd6 20. Qd3 f4 21. R3e2 g6 22. Nf3 f5 23. Re5 Ne4 24. Qc4+ Kg7 25. Rxe7+ Rxe7 26. Rd1 b5 27. Qd3 Qb6 28. Qc2 c5 29. dxc5 Qxc5 30. Rd4 a5 31. Qb3 Rc7 32. Qd1 Kh6 33. Nd2 Re7 34. Qc1 g5 35. h4 Kh5 36. hxg5 Nxg5 37. Rxf4 Rg7 38. Qd1+ Kh6 39. Rh4+ Kg6 40. Qe2 Kf7 41. Rd4 Qc6 42. Kf1 Ne6 43. Qh5+ Kg8 44. Rh4 Qxg2+ 45. Ke2 Re7 46. Kd1 Qxf2 47. Rh2 Qg1+ 48. Kc2 Qg4 49. Qh6 Qa4+ 50. Kc1 Qxa2 51. Rg2+ Kh8 52. Qf6+ Rg7 53. Rxg7 Nxg7 54. Qd8+ Qg8 55. Qxa5 Qe8 56. Qc7 h5 57. Qf4 Kh7 58. Qf3 Qe1+ 59. Kc2 h4 60. Qh3 Qg3 61. Qxg3 hxg3 62. Nf3 Kh6 63. Kd3 Kh5 64. Ke3 Ne6 65. b3 f4+ 66. Ke2 Kg4 67. Ng1 Ng5 68. c4 bxc4 69. bxc4 f3+ 0-1

[Event "Santa Cruz Christmas op 32nd"]
[Site "Santa Cruz"]
[Date "2022.12.21"]
[Round "5"]
[White "Kraus, Oliver"]
[Black "Gonzalez Estevez, Alejandro"]
[Result "1-0"]
[WhiteElo "1854"]
[BlackElo "1636"]
[PlyCount "111"]
[EventDate "2022.12.15"]
[EventType "swiss"]
[EventRounds "9"]
[EventCountry "ESP"]
[SourceTitle "EXT 2024"]
[Source "ChessBase"]
[SourceDate "2023.10.10"]
[SourceVersion "1"]
[SourceVersionDate "2023.10.10"]
[SourceQuality "1"]

1. Nf3 Nf6 2. d4 g6 3. c4 Bg7 4. Nc3 d5 5. Bg5 Ne4 6. Bh4 Nxc3 7. bxc3 c5 8. cxd5 Qxd5 9. e3 cxd4 10. cxd4 Bg4 11. Be2 Qa5+ 12. Qd2 Qxd2+ 13. Kxd2 Nc6 14. Rab1 b6 15. Rhc1 Bd7 16. Ba6 Na5 17. Rc7 f6 18. Kd3 Bc6 19. Rc1 Bxf3 20. gxf3 Kf7 21. Bg3 Rhd8 22. e4 f5 23. d5 Bh6 24. R1c2 f4 25. Bh4 g5 26. Bxg5 Bxg5 27. Kd4 Ke8 28. e5 Kf8 29. Ke4 h6 30. Rd2 Kf7 31. Kf5 Rf8 32. Kg4 Rg8 33. Kh5 Rad8 34. h4 Bf6 35. exf6 Kxf6 36. Rd4 e5 37. Rd2 Rg2 38. Rh7 Rdg8 39. Rxh6+ R8g6 40. Rxg6+ Rxg6 41. Rc2 Rg7 42. Bd3 Rd7 43. Be4 a6 44. Rc1 b5 45. Rg1 Rg7 46. Rxg7 Kxg7 47. Kg5 Nc4 48. h5 Nd6 49. h6+ Kh8 50. Kf6 a5 51. Kxe5 Nf7+ 52. Ke6 Nxh6 53. d6 Kg7 54. d7 Nf7 55. Ke7 b4 56. Bd5 1-0

[Event "Santa Cruz Christmas op 32nd"]
[Site "Santa Cruz"]
[Date "2022.12.16"]
[Round "2"]
[White "Gonzalez Estevez, Alejandro"]
[Black "Mendez Acosta, Alexander Jesus"]
[Result "0-1"]
[WhiteElo "1636"]
[BlackElo "2015"]
[PlyCount "44"]
[EventDate "2022.12.15"]
[EventType "swiss"]
[EventRounds "9"]
[EventCountry "ESP"]
[SourceTitle "EXT 2024"]
[Source "ChessBase"]
[SourceDate "2023.10.10"]
[SourceVersion "1"]
[SourceVersionDate "2023.10.10"]
[SourceQuality "1"]

1. e4 e6 2. d4 d5 3. exd5 exd5 4. Nf3 Bd6 5. Be2 Nc6 6. Nc3 Nge7 7. 0-0 Bf5 8. Nb5 f6 9. Nxd6+ Qxd6 10. c3 0-0-0 11. b4 Rde8 12. Re1 g5 13. a4 h5 14. b5 Nd8 15. Ba3 Qd7 16. Nxg5 fxg5 17. Bxh5 Ng6 18. g4 Rxe1+ 19. Qxe1 Nh4 20. gxf5 Rxh5 21. Qe2 g4 22. Qxg4 Rg5 0-1